Modrotisk /

Hlavní autor: Melzer, Miloš, 1941-
Jazyk: Čeština
Vydáno: Roztoky u Prahy : Středočeské muzeum, 1978
Fyzický popis: 24 stran
Knihy
Uloženo v:
LEADER 00727nam a22002412i 4500
001 000306446
003 CZ BrMZK
005 20161213094603.0
007 ta
008 980105s1978 xr a f cze d
015 |a cnb000418559 
040 |a OLA001  |b cze  |d BOA001  |e rda 
100 1 |a Melzer, Miloš,  |d 1941-  |7 jk01081184  |4 aut 
245 1 0 |a Modrotisk /  |c Miloš Melzer 
264 1 |a Roztoky u Prahy :  |b Středočeské muzeum,  |c 1978 
300 |a 24 stran 
336 |a text  |b txt  |2 rdacontent 
337 |a bez média  |b n  |2 rdamedia 
338 |a svazek  |b nc  |2 rdacarrier 
910 |a BOA001  |b X-0793.648 
990 |a BK 
991 |b 201611 
996 6 |b 2619865389  |c X-0793.648  |l MZK  |r Sklad / do 24 hodin  |n 19  |w 000306446  |u 000010  |a 1  |e BOA001  |j MZK50  |s P